[Event "CZE-chT2B 2223"]
[Site "Czech Republic"]
[Date "2022.12.04"]
[Round "4.4"]
[White "Brunova, Blanka"]
[Black "Lhotsky, Frantisek"]
[Result "1-0"]
[WhiteElo "1979"]
[BlackElo "1986"]
[PlyCount "71"]
[EventDate "2022.10.16"]
[EventType "team-tourn"]
[EventRounds "11"]
[EventCountry "CZE"]
[SourceTitle "EXT 2024"]
[Source "ChessBase"]
[SourceDate "2023.10.10"]
[SourceVersion "1"]
[SourceVersionDate "2023.10.10"]
[SourceQuality "1"]
[WhiteTeam "Karlovy Vary"]
[BlackTeam "Kladno"]
[WhiteTeamCountry "CZE"]
[BlackTeamCountry "CZE"]

1. e4 e5 2. Nf3 Nc6 3. Bc4 Bc5 4. 0-0 Nf6 5. d4 Bxd4 6. Nxd4 Nxd4 7. f4 d6 8. c3 Be6 9. Bd5 c6 10. cxd4 cxd5 11. f5 Bd7 12. Bg5 Qb6 13. Bxf6 Qxb2 14. dxe5 gxf6 15. e6 fxe6 16. fxe6 Bxe6 17. exd5 Qxa1 18. dxe6 0-0-0 19. Qc2+ Kb8 20. Nc3 Qxf1+ 21. Kxf1 Rhe8 22. Nb5 Rc8 23. Qa4 a6 24. Nxd6 Rc1+ 25. Kf2 Re7 26. Qb3 Rc6 27. Qd5 Kc7 28. Ne8+ Kc8 29. Nxf6 h6 30. Kf3 Rexe6 31. Qd7+ Kb8 32. Qd8+ Ka7 33. Nd7 a5 34. Qxa5+ Ra6 35. Qc5+ Ka8 36. Qc8+ 1-0

[Event "FIDE World Uni Rapid-D 1st"]
[Site "Tornelo INT"]
[Date "2021.03.21"]
[Round "7"]
[White "Brunova, Blanka"]
[Black "Ciolek, Andreas"]
[Result "0-1"]
[WhiteElo "1960"]
[BlackElo "2247"]
[PlyCount "88"]
[EventDate "2021.03.20"]
[EventType "swiss (rapid)"]
[EventRounds "12"]
[EventCountry "NET"]
[SourceTitle "EXT 2022"]
[Source "ChessBase"]
[SourceDate "2021.10.06"]
[SourceVersion "1"]
[SourceVersionDate "2021.10.06"]
[SourceQuality "1"]

1. e4 g6 2. d4 c6 3. Nc3 d5 4. Nf3 Bg7 5. e5 h5 6. Bd3 Nh6 7. Ng5 Bg4 8. f3 Bf5 9. Be3 e6 10. Qd2 Bxd3 11. Qxd3 Nf5 12. Nh3 Nd7 13. Ne2 Qb6 14. 0-0-0 Nxe5 15. Qc3 Nxe3 16. Qxe3 Qxb2+ 17. Kxb2 Nc4+ 18. Kb1 Nxe3 19. Rd3 Nxg2 20. Rg1 Nh4 21. Ng5 Nf5 22. Nf4 Nxd4 23. Re3 Bh6 24. c3 Bxg5 25. Rxg5 Nf5 26. Re1 Kd7 27. Nd3 Rhf8 28. Nc5+ Kc7 29. a4 b6 30. Na6+ Kd6 31. Nb4 Ne7 32. Rge5 c5 33. Nd3 Nc6 34. R5e2 Rae8 35. Nf2 e5 36. Rd2 f5 37. Nd3 g5 38. Rg2 Rg8 39. f4 gxf4 40. Rge2 f3 41. Re3 e4 42. Nf4 d4 43. cxd4 cxd4 44. Rb3 f2 0-1

[Event "Pardubice Czech op-J 30th"]
[Site "Pardubice"]
[Date "2019.07.17"]
[Round "7"]
[White "Druchenko, Mikhail"]
[Black "Brunova, Blanka"]
[Result "1/2-1/2"]
[WhiteElo "1829"]
[BlackElo "1970"]
[PlyCount "50"]
[EventDate "2019.07.12"]
[EventType "swiss"]
[EventRounds "7"]
[EventCountry "CZE"]
[SourceTitle "CBM 192 Extra"]
[Source "Chessbase"]
[SourceDate "2019.11.06"]
[SourceVersion "1"]
[SourceVersionDate "2019.11.06"]
[SourceQuality "1"]

1. e4 c5 2. Nf3 Nc6 3. d4 cxd4 4. Nxd4 Nf6 5. Nc3 e5 6. Ndb5 d6 7. a4 a6 8. Na3 Be7 9. Bg5 0-0 10. Bxf6 Bxf6 11. Bc4 Nd4 12. 0-0 Be6 13. Nd5 b5 14. axb5 axb5 15. Nxb5 Rxa1 16. Qxa1 Bxd5 17. exd5 Nxc2 18. Qa6 e4 19. Qa4 Nd4 20. Nxd4 Bxd4 21. Bb5 Qf6 22. b3 Rc8 23. Bc4 e3 24. fxe3 Bxe3+ 25. Kh1 Qd8 1/2-1/2

[Event "Pardubice Czech op-J 30th"]
[Site "Pardubice"]
[Date "2019.07.16"]
[Round "6"]
[White "Brunova, Blanka"]
[Black "Zerebiec, Maurycy"]
[Result "1/2-1/2"]
[WhiteElo "1970"]
[BlackElo "1708"]
[PlyCount "52"]
[EventDate "2019.07.12"]
[EventType "swiss"]
[EventRounds "7"]
[EventCountry "CZE"]
[SourceTitle "CBM 192 Extra"]
[Source "Chessbase"]
[SourceDate "2019.11.06"]
[SourceVersion "1"]
[SourceVersionDate "2019.11.06"]
[SourceQuality "1"]

1. e4 e6 2. d4 d5 3. Nd2 dxe4 4. Nxe4 Nd7 5. Nf3 Ngf6 6. Bg5 Be7 7. Bxf6 Nxf6 8. Bd3 0-0 9. 0-0 b6 10. Nfg5 h6 11. Nxf6+ Bxf6 12. Nh7 Re8 13. Qf3 Rb8 14. Nxf6+ Qxf6 15. Qxf6 gxf6 16. f4 f5 17. Rf3 Bb7 18. Rg3+ Kh7 19. Re1 Rg8 20. Ree3 Rxg3 21. Rxg3 Rg8 22. Rxg8 Kxg8 23. c4 Kf8 24. Kf2 Ke7 25. Kg3 Be4 26. Be2 Kf6 1/2-1/2

[Event "Pardubice Czech op-J 30th"]
[Site "Pardubice"]
[Date "2019.07.13"]
[Round "2"]
[White "Brunova, Blanka"]
[Black "Madajczak, Jakub"]
[Result "0-1"]
[WhiteElo "1970"]
[BlackElo "1631"]
[PlyCount "106"]
[EventDate "2019.07.12"]
[EventType "swiss"]
[EventRounds "7"]
[EventCountry "CZE"]
[SourceTitle "CBM 192 Extra"]
[Source "Chessbase"]
[SourceDate "2019.11.06"]
[SourceVersion "1"]
[SourceVersionDate "2019.11.06"]
[SourceQuality "1"]

1. e4 c5 2. d4 cxd4 3. c3 dxc3 4. Nxc3 Nc6 5. Nf3 d6 6. Bc4 g6 7. 0-0 Bg7 8. Ng5 Nh6 9. h3 0-0 10. Be3 Bd7 11. f4 Na5 12. Bd3 f6 13. Nf3 f5 14. Rc1 fxe4 15. Bxe4 Nf5 16. Bf2 Bc6 17. Bd5+ Bxd5 18. Qxd5+ Kh8 19. Ng5 Nc6 20. Ne6 Qd7 21. g4 Nh6 22. Nxf8 Rxf8 23. Ne4 Rxf4 24. Nc5 Qc8 25. Ne6 Rf7 26. Bd4 Bxd4+ 27. Qxd4+ Kg8 28. Rxf7 Kxf7 29. Qd5 Qxe6 30. Rf1+ Nf5 31. Qd3 Ne5 32. Qc2 Kf6 33. gxf5 gxf5 34. Qg2 Qxa2 35. h4 Qf7 36. Qxb7 Qg6+ 37. Kh1 Qg3 38. Qe4 Qh3+ 39. Kg1 Qg4+ 40. Qxg4 Nxg4 41. Ra1 d5 42. Rxa7 d4 43. Rd7 e5 44. b4 Ke6 45. Rxh7 d3 46. Kf1 e4 47. Rc7 e3 48. Rc1 Nh2+ 49. Ke1 d2+ 50. Kd1 dxc1Q+ 51. Kxc1 Nf3 52. Kd1 Nxh4 53. Ke2 f4 0-1

[Event "Klatovy op-A 24th"]
[Site "Klatovy"]
[Date "2018.07.08"]
[Round "9"]
[White "Brejnik, Gustav"]
[Black "Brunova, Blanka"]
[Result "1/2-1/2"]
[WhiteElo "2120"]
[BlackElo "1994"]
[PlyCount "47"]
[EventDate "2018.06.30"]
[EventType "swiss"]
[EventRounds "9"]
[EventCountry "CZE"]
[SourceTitle "EXT 2019"]
[Source "ChessBase"]
[SourceDate "2018.10.10"]
[SourceVersion "1"]
[SourceVersionDate "2018.10.10"]
[SourceQuality "1"]

1. d4 Nf6 2. c4 g6 3. g3 Bg7 4. Bg2 0-0 5. Nc3 d6 6. Nf3 Nbd7 7. 0-0 e5 8. e4 exd4 9. Nxd4 Ne5 10. b3 Nh5 11. h3 a6 12. Be3 c5 13. Nde2 f5 14. exf5 Bxf5 15. f4 Nd3 16. g4 Qe7 17. Nd5 Qh4 18. gxf5 Bxa1 19. Qxa1 Rae8 20. Kh2 Rxf5 21. Qb1 Nb4 22. Be4 Nxd5 23. cxd5 Rf7 24. Rg1 1/2-1/2

[Event "Klatovy op-A 24th"]
[Site "Klatovy"]
[Date "2018.07.05"]
[Round "6"]
[White "Brunova, Blanka"]
[Black "Vartazarian, Gor"]
[Result "1/2-1/2"]
[WhiteElo "1994"]
[BlackElo "1775"]
[PlyCount "22"]
[EventDate "2018.06.30"]
[EventType "swiss"]
[EventRounds "9"]
[EventCountry "CZE"]
[SourceTitle "EXT 2019"]
[Source "ChessBase"]
[SourceDate "2018.10.10"]
[SourceVersion "1"]
[SourceVersionDate "2018.10.10"]
[SourceQuality "1"]

1. e4 c5 2. Nf3 d6 3. d4 cxd4 4. Nxd4 Nf6 5. Nc3 a6 6. Bc4 e6 7. 0-0 Be7 8. Be3 Qc7 9. Qe2 0-0 10. Rad1 Nc6 11. f4 Rd8 1/2-1/2

[Event "CZE-chT U18 Extraliga final-B 1718"]
[Site "Czech Republic"]
[Date "2018.04.21"]
[Round "10.3"]
[White "Hronek, Martin"]
[Black "Brunova, Blanka"]
[Result "0-1"]
[WhiteElo "1895"]
[BlackElo "1894"]
[PlyCount "140"]
[EventDate "2017.10.07"]
[EventType "team-tourn"]
[EventRounds "11"]
[EventCountry "CZE"]
[SourceTitle "EXT 2023"]
[Source "ChessBase"]
[SourceDate "2022.10.05"]
[SourceVersion "1"]
[SourceVersionDate "2022.10.05"]
[SourceQuality "1"]
[WhiteTeam "Stare Mesto (U18)"]
[BlackTeam "Karlovy Vary (U18)"]
[WhiteTeamCountry "CZE"]
[BlackTeamCountry "CZE"]

1. e4 c5 2. c3 g6 3. d4 cxd4 4. cxd4 Bg7 5. Nf3 Nf6 6. Nc3 0-0 7. h3 b6 8. Bd3 Bb7 9. 0-0 d5 10. e5 Ne4 11. Qc2 Nxc3 12. Qxc3 Nc6 13. Bf4 Rc8 14. Qd2 f6 15. Bh6 fxe5 16. Bxg7 Kxg7 17. dxe5 Rxf3 18. gxf3 Nxe5 19. Qe3 Nxd3 20. Qxd3 Rc4 21. Rfe1 e6 22. Qe3 d4 23. Qxe6 Qg5+ 24. Qg4 Qd8 25. Re5 Qf6 26. Re6 Bxf3 27. Rxf6 Bxg4 28. Rf4 Bxh3 29. Rd1 Rc2 30. Rfxd4 Rxb2 31. R1d2 Rb1+ 32. Kh2 Be6 33. Re4 Kf7 34. Rde2 Bd5 35. Re7+ Kf6 36. Rxa7 g5 37. Rae7 Rh1+ 38. Kg3 h5 39. Re1 h4+ 40. Kg4 Rh2 41. R1e2 Bc4 42. R2e4 Rxf2 43. Re8 Bf7 44. R8e5 Bxa2 45. Re8 Bf7 46. R8e5 Bb3 47. Rb5 Bd1+ 48. Kh3 Bf3 49. Ra4 Rf1 50. Rxb6+ Ke5 51. Rb5+ Kd6 52. Rxh4 gxh4 53. Kxh4 Bd5 54. Kg3 Ke5 55. Rb4 Rf3+ 56. Kg4 Ra3 57. Rb5 Ra2 58. Kg3 Rg2+ 59. Kh3 Rg8 60. Rb4 Be4 61. Rb6 Kf4 62. Rf6+ Bf5+ 63. Kh2 Rg5 64. Rb6 Be4 65. Rf6+ Kg4 66. Rb6 Rd5 67. Rb3 Rd1 68. Rg3+ Kf4 69. Rg1 Rd2+ 70. Kh3 Bf5+ 0-1

[Event "CZE-chT U18 Extraliga West 1718"]
[Site "Czech Republic"]
[Date "2017.10.08"]
[Round "4.3"]
[White "Brunova, Blanka"]
[Black "Rastocny, Josef"]
[Result "0-1"]
[WhiteElo "1894"]
[BlackElo "1997"]
[PlyCount "60"]
[EventDate "2017.10.07"]
[EventType "team-tourn"]
[EventRounds "11"]
[EventCountry "CZE"]
[SourceTitle "EXT 2023"]
[Source "ChessBase"]
[SourceDate "2022.10.05"]
[SourceVersion "1"]
[SourceVersionDate "2022.10.05"]
[SourceQuality "1"]
[WhiteTeam "Karlovy Vary (U18)"]
[BlackTeam "Ricany (U18)"]
[WhiteTeamCountry "CZE"]
[BlackTeamCountry "CZE"]

1. e4 e6 2. d4 d5 3. Nd2 Nf6 4. e5 Nfd7 5. Bd3 c5 6. c3 Nc6 7. Ne2 cxd4 8. cxd4 f6 9. f4 Be7 10. Nf3 Qb6 11. b3 0-0 12. Bd2 fxe5 13. fxe5 Rxf3 14. gxf3 Bh4+ 15. Kf1 Ndxe5 16. Be3 Bd7 17. Ng3 Rf8 18. Kg2 Rxf3 19. dxe5 Rxe3 20. Bxh7+ Kxh7 21. Qh5+ Kg8 22. Qxh4 Nxe5 23. Rhf1 d4 24. Qe7 Qc6+ 25. Kh3 Ng6 26. Qd8+ Kh7 27. Rf7 Bc8 28. Raf1 e5+ 29. R1f5 Nf4+ 30. Kh4 Qh6+ 0-1

[Event "Klatovy op-A 23rd"]
[Site "Klatovy"]
[Date "2017.07.08"]
[Round "8"]
[White "Brunova, Blanka"]
[Black "Mulenko, Alexander"]
[Result "1/2-1/2"]
[WhiteElo "1922"]
[BlackElo "2050"]
[PlyCount "71"]
[EventDate "2017.07.01"]
[EventType "swiss"]
[EventRounds "9"]
[EventCountry "CZE"]
[SourceTitle "EXT 2018"]
[Source "ChessBase"]
[SourceDate "2017.10.13"]
[SourceVersion "1"]
[SourceVersionDate "2017.10.13"]
[SourceQuality "1"]

1. e4 Nf6 2. Nc3 d5 3. exd5 Nxd5 4. d4 Nxc3 5. bxc3 g6 6. Bd3 Bg7 7. Ne2 0-0 8. 0-0 Nd7 9. Ng3 e5 10. Be3 f5 11. f4 e4 12. Bc4+ Kh8 13. Nh1 c6 14. Qe1 Nf6 15. Bf2 Nd5 16. Bh4 Qa5 17. Bxd5 cxd5 18. Be7 Rf7 19. Bb4 Qc7 20. a4 a5 21. Ba3 Bd7 22. Bb2 Qc4 23. Nf2 Bxa4 24. Nh3 Bf6 25. Ng5 Bxg5 26. fxg5 f4 27. Bc1 Raf8 28. Qh4 e3 29. Ba3 Qxc3 30. Bxf8 Qxd4 31. Rxa4 Qxa4 32. Bd6 e2 33. Be5+ Kg8 34. Re1 Qe4 35. Bf6 f3 36. Qf2 1/2-1/2

[Event "Klatovy op-A 23rd"]
[Site "Klatovy"]
[Date "2017.07.06"]
[Round "6"]
[White "Brunova, Blanka"]
[Black "Fox, Pierre"]
[Result "1-0"]
[WhiteElo "1922"]
[BlackElo "1761"]
[PlyCount "43"]
[EventDate "2017.07.01"]
[EventType "swiss"]
[EventRounds "9"]
[EventCountry "CZE"]
[SourceTitle "EXT 2018"]
[Source "ChessBase"]
[SourceDate "2017.10.13"]
[SourceVersion "1"]
[SourceVersionDate "2017.10.13"]
[SourceQuality "1"]

1. e4 e5 2. Nf3 Nc6 3. Bc4 Nf6 4. 0-0 Nxe4 5. Nc3 Nxc3 6. dxc3 h6 7. Re1 d6 8. Nd4 Bd7 9. f4 Qf6 10. Nxc6 Bxc6 11. fxe5 dxe5 12. Rf1 Bc5+ 13. Kh1 Rd8 14. Bxf7+ Ke7 15. Qe2 Qd6 16. Bf4 Bxg2+ 17. Kxg2 Qc6+ 18. Rf3 Kxf7 19. Bg5+ Ke6 20. Bxd8 Rxd8 21. Qc4+ Rd5 22. Qg4+ 1-0

[Event "Klatovy op-A 23rd"]
[Site "Klatovy"]
[Date "2017.07.02"]
[Round "2"]
[White "Kucera, Tomas"]
[Black "Brunova, Blanka"]
[Result "1/2-1/2"]
[WhiteElo "1993"]
[BlackElo "1922"]
[PlyCount "44"]
[EventDate "2017.07.01"]
[EventType "swiss"]
[EventRounds "9"]
[EventCountry "CZE"]
[SourceTitle "EXT 2018"]
[Source "ChessBase"]
[SourceDate "2017.10.13"]
[SourceVersion "1"]
[SourceVersionDate "2017.10.13"]
[SourceQuality "1"]

1. e4 c5 2. Nf3 Nc6 3. d4 cxd4 4. Nxd4 Nf6 5. Nc3 e5 6. Ndb5 d6 7. Nd5 Nxd5 8. exd5 Nb8 9. Qf3 a6 10. Qa3 Be7 11. Bg5 f6 12. Bd2 0-0 13. Bb4 Bf5 14. Nxd6 a5 15. Bc5 Qc7 16. Nxb7 Qxb7 17. Bxe7 Re8 18. Bc4 Rxe7 19. Qxe7 Qxe7 20. d6+ Qf7 21. Bxf7+ Kxf7 22. 0-0-0 Nc6 1/2-1/2

[Event "Kouty nad Desnou op-A"]
[Site "Kouty nad Desnou"]
[Date "2017.03.13"]
[Round "4"]
[White "Brunova, Blanka"]
[Black "Slanicay, Gabriel"]
[Result "1-0"]
[WhiteElo "1784"]
[BlackElo "1760"]
[PlyCount "64"]
[EventDate "2017.03.11"]
[EventType "swiss"]
[EventRounds "9"]
[EventCountry "CZE"]
[SourceTitle "CBM 177 Extra"]
[Source "ChessBase"]
[SourceDate "2017.04.27"]
[SourceVersion "1"]
[SourceVersionDate "2017.04.27"]
[SourceQuality "1"]

1. e4 e5 2. Nf3 Nc6 3. Bc4 Bc5 4. 0-0 d6 5. c3 Bg4 6. h3 Bh5 7. Re1 Nf6 8. g4 Nxg4 9. hxg4 Bxg4 10. d4 exd4 11. e5 d5 12. Bb5 Qd7 13. Bxc6 bxc6 14. cxd4 Qf5 15. Nbd2 Bh5 16. Qa4 Qg6+ 17. Kh2 Bxf3 18. Nxf3 Be7 19. Rg1 Qh5+ 20. Kg2 Qg4+ 21. Kf1 Qxf3 22. Qxc6+ Kd8 23. Rg3 Qh1+ 24. Ke2 Qe4+ 25. Be3 Rb8 26. b3 f5 27. Rc1 Rb6 28. Qxc7+ Ke8 29. Rxg7 Qh4 30. Qc8+ Bd8 31. e6 Qh5+ 32. Kd2 Rd6 1-0

[Event "Kouty nad Desnou op-A"]
[Site "Kouty nad Desnou"]
[Date "2017.03.12"]
[Round "2"]
[White "Brunova, Blanka"]
[Black "Jirousek, Tadeas"]
[Result "1-0"]
[WhiteElo "1784"]
[BlackElo "1639"]
[PlyCount "81"]
[EventDate "2017.03.11"]
[EventType "swiss"]
[EventRounds "9"]
[EventCountry "CZE"]
[SourceTitle "CBM 177 Extra"]
[Source "ChessBase"]
[SourceDate "2017.04.27"]
[SourceVersion "1"]
[SourceVersionDate "2017.04.27"]
[SourceQuality "1"]

1. e4 c5 2. c3 e6 3. d4 d5 4. e5 Qb6 5. Nf3 Nc6 6. Bd3 cxd4 7. cxd4 Bd7 8. Bc2 Nb4 9. 0-0 Nxc2 10. Qxc2 Rc8 11. Qd1 Ne7 12. Nc3 Nc6 13. a3 Na5 14. Qd3 Nb3 15. Rb1 Be7 16. Be3 Rc4 17. Nd2 Nxd2 18. Qxd2 Qa6 19. f4 b5 20. Qe2 Qb7 21. Qf3 Bxa3 22. Nxb5 Bb4 23. Nc3 Bxc3 24. bxc3 Qc7 25. Bd2 0-0 26. g4 Ba4 27. f5 Bc2 28. f6 Bxb1 29. Rxb1 Rb8 30. Rf1 Rb2 31. Qe3 Qc8 32. fxg7 a5 33. Rf6 Qb7 34. Qg5 a4 35. Rf1 Qc7 36. Ra1 Rc2 37. Rb1 a3 38. Rb7 Qxb7 39. Qd8+ Kxg7 40. Bh6+ Kxh6 41. Qf6# 1-0

[Event "CZE-ch U18/U20 Girls"]
[Site "Kovarska"]
[Date "2016.11.17"]
[Round "6"]
[White "Brunova, Blanka"]
[Black "Volaninova, Sarka"]
[Result "0-1"]
[WhiteElo "1928"]
[BlackElo "1783"]
[PlyCount "46"]
[EventDate "2016.11.13"]
[EventType "swiss"]
[EventRounds "9"]
[EventCountry "CZE"]
[SourceTitle "EXT 2022"]
[Source "ChessBase"]
[SourceDate "2021.10.06"]
[SourceVersion "1"]
[SourceVersionDate "2021.10.06"]
[SourceQuality "1"]

1. e4 c6 2. d4 d5 3. Nc3 dxe4 4. Nxe4 Bf5 5. Ng3 Bg6 6. h4 h6 7. Nf3 Nf6 8. h5 Bh7 9. Bc4 e6 10. Bf4 Nd5 11. Ne2 Nd7 12. Bb3 N7f6 13. Ne5 Bd6 14. c4 Nxf4 15. Nxf4 Bxe5 16. dxe5 Qa5+ 17. Qd2 Qxe5+ 18. Kf1 Rd8 19. Qc1 0-0 20. Rh3 Rd4 21. Ne2 Bd3 22. Qe3 Qxe3 23. fxe3 Rg4 0-1

[Event "CZE-ch U18/U20 Girls"]
[Site "Kovarska"]
[Date "2016.11.16"]
[Round "5"]
[White "Dumkova, Daniela"]
[Black "Brunova, Blanka"]
[Result "1-0"]
[WhiteElo "1955"]
[BlackElo "1928"]
[PlyCount "60"]
[EventDate "2016.11.13"]
[EventType "swiss"]
[EventRounds "9"]
[EventCountry "CZE"]
[SourceTitle "EXT 2022"]
[Source "ChessBase"]
[SourceDate "2021.10.06"]
[SourceVersion "1"]
[SourceVersionDate "2021.10.06"]
[SourceQuality "1"]

1. d4 Nf6 2. c4 g6 3. f3 Bg7 4. e4 d6 5. Nc3 0-0 6. Be3 Nc6 7. Nge2 Re8 8. Qd2 Rb8 9. Nc1 e5 10. d5 Nd4 11. Nb3 c5 12. dxc6 bxc6 13. Be2 c5 14. 0-0 a6 15. Bd1 Nh5 16. Nd5 f5 17. Nxd4 cxd4 18. Bg5 Qd7 19. b3 f4 20. Bh4 h6 21. Be2 g5 22. Be1 Qf7 23. Qa5 Qg6 24. Qc7 Bb7 25. Ne7+ Rxe7 26. Qxe7 Rf8 27. Bb4 Nf6 28. Qxd6 g4 29. Qe6+ Kh8 30. Bxf8 Bxf8 1-0

[Event "EU-ch U16 Girls 26th"]
[Site "Prague"]
[Date "2016.08.22"]
[Round "5"]
[White "Broly, Mathilde"]
[Black "Brunova, Blanka"]
[Result "1-0"]
[WhiteElo "2098"]
[BlackElo "1992"]
[PlyCount "37"]
[EventDate "2016.08.18"]
[EventType "swiss"]
[EventRounds "9"]
[EventCountry "CZE"]
[SourceTitle "CBM 174 Extra"]
[Source "ChessBase"]
[SourceDate "2016.10.10"]
[SourceVersion "1"]
[SourceVersionDate "2016.10.10"]
[SourceQuality "1"]

1. e4 c5 2. Nf3 Nc6 3. Bb5 g6 4. Bxc6 dxc6 5. d3 Bg7 6. h3 e5 7. Be3 b6 8. a3 Ne7 9. Qd2 Be6 10. Bh6 Bf6 11. 0-0 Qc7 12. b4 c4 13. Ng5 Bxg5 14. Bxg5 0-0 15. Bf6 Qd8 16. Qh6 Nf5 17. exf5 Qxf6 18. fxe6 e4 19. Nd2 1-0

[Event "EU-ch U16 Girls 26th"]
[Site "Prague"]
[Date "2016.08.21"]
[Round "4"]
[White "Brunova, Blanka"]
[Black "Radeva, Viktoria"]
[Result "1/2-1/2"]
[WhiteElo "1992"]
[BlackElo "2080"]
[PlyCount "93"]
[EventDate "2016.08.18"]
[EventType "swiss"]
[EventRounds "9"]
[EventCountry "CZE"]
[SourceTitle "CBM 174 Extra"]
[Source "ChessBase"]
[SourceDate "2016.10.10"]
[SourceVersion "1"]
[SourceVersionDate "2016.10.10"]
[SourceQuality "1"]

1. e4 c5 2. Nf3 e6 3. d4 cxd4 4. Nxd4 a6 5. Bd3 Qc7 6. c4 Nf6 7. 0-0 Nc6 8. Be3 Be7 9. Qe2 Ne5 10. h3 0-0 11. Nc3 b6 12. f4 Nxd3 13. Qxd3 d6 14. f5 e5 15. Nde2 Bb7 16. Nd5 Bxd5 17. cxd5 Rfc8 18. Rac1 Qb7 19. g4 h6 20. Ng3 b5 21. Qd2 Nh7 22. Nh5 Rxc1 23. Rxc1 Rc8 24. Kg2 Rc7 25. Ng3 Qc8 26. Rxc7 Qxc7 27. Qc1 Qxc1 28. Bxc1 Bg5 29. Bxg5 Nxg5 30. h4 Nh7 31. Kf3 Nf6 32. b4 Nd7 33. Nf1 Nb6 34. Ke3 f6 35. Nd2 Kf7 36. h5 Ke7 37. Kd3 Na4 38. Kc2 Nb6 39. Nb1 Nc4 40. Kd3 Kd7 41. Nd2 Nb6 42. Nb3 Nc4 43. Nd2 Nxd2 44. Kxd2 Kc7 45. Kc3 Kb6 46. a3 Kc7 47. Kd3 1/2-1/2

[Event "World ol U16"]
[Site "Poprad"]
[Date "2016.07.22"]
[Round "1.4"]
[White "Brunova, Blanka"]
[Black "Liscinska, Lucia"]
[Result "0-1"]
[WhiteElo "1880"]
[BlackElo "1619"]
[PlyCount "110"]
[EventDate "2016.07.22"]
[EventType "team-swiss"]
[EventRounds "9"]
[EventCountry "SVK"]
[SourceTitle "EXT 2017"]
[Source "ChessBase"]
[SourceDate "2016.10.25"]
[SourceVersion "1"]
[SourceVersionDate "2016.10.25"]
[SourceQuality "1"]
[WhiteTeam "Czech Republic"]
[BlackTeam "Slovakia PSZ"]
[WhiteTeamCountry "CZE"]
[BlackTeamCountry "SVK"]

1. e4 e5 2. Nf3 Nc6 3. Bc4 Nf6 4. 0-0 Nxe4 5. Nc3 Nxc3 6. dxc3 Be7 7. Qd5 0-0 8. Nxe5 Nxe5 9. Qxe5 Bf6 10. Qg3 d6 11. Bf4 Bf5 12. Bb3 Qd7 13. a4 a5 14. Rad1 Rad8 15. Rd2 Be6 16. c4 Qc6 17. Qd3 b6 18. c3 Qc5 19. Bc2 Qh5 20. Re1 g6 21. Qf1 Qg4 22. Re4 Qh5 23. Be3 Bf5 24. Bd1 Qxd1 25. Qxd1 Bxe4 26. Qg4 Bf5 27. Qf3 Bg7 28. Qc6 Rd7 29. c5 bxc5 30. Bxc5 Re8 31. Be3 Rde7 32. h3 Be6 33. Qb5 Ra8 34. Qb7 Rae8 35. Qa7 f5 36. Qxa5 Bf7 37. Qb4 Re4 38. Qb5 Be5 39. g3 Bxg3 40. fxg3 Rxe3 41. Kf2 R3e5 42. Qd3 Bb3 43. Qa6 Re4 44. Rd4 Re1 45. a5 d5 46. Rd2 Bc4 47. Qc6 Rf1+ 48. Kg2 Ree1 49. Qc5 Kg7 50. Qxc7+ Kh6 51. Qc5 Rh1 52. b3 Ba6 53. b4 d4 54. Qxd4 Bb7+ 55. Kf2 Rhf1# 0-1

[Event "Klatovy op 22nd"]
[Site "Klatovy"]
[Date "2016.07.02"]
[Round "1"]
[White "Mueller, Michael3333"]
[Black "Brunova, Blanka"]
[Result "1/2-1/2"]
[WhiteElo "2102"]
[BlackElo "1880"]
[PlyCount "74"]
[EventDate "2016.07.02"]
[EventType "swiss"]
[EventRounds "9"]
[EventCountry "CZE"]
[SourceTitle "CBM 173 Extra"]
[Source "ChessBase"]
[SourceDate "2016.08.29"]
[SourceVersion "1"]
[SourceVersionDate "2016.08.29"]
[SourceQuality "1"]

1. c4 g6 2. Nc3 Bg7 3. g3 Nf6 4. Bg2 0-0 5. e4 d6 6. Nge2 Nc6 7. 0-0 e5 8. d3 Be6 9. Nd5 Nh5 10. Be3 Ne7 11. Rc1 c6 12. Nxe7+ Qxe7 13. d4 f5 14. Qd2 f4 15. gxf4 exf4 16. Nxf4 Nxf4 17. Bxf4 Rxf4 18. Qxf4 Bxd4 19. b3 Rf8 20. Qg3 g5 21. Kh1 Be5 22. Qd3 g4 23. Kg1 Qh4 24. f4 gxf3 25. Rxf3 Qxh2+ 26. Kf1 Bf4 27. Rc2 h5 28. Rcf2 Bg4 29. e5 Bxf3 30. Qg6+ Kh8 31. Bxf3 Qh3+ 32. Ke2 dxe5 33. Rg2 Qd7 34. Qxh5+ Qh7 35. Qxh7+ Kxh7 36. Be4+ Kh6 37. Rg6+ Kh5 1/2-1/2

[Event "CZE-ch U16 Girls"]
[Site "Kouty nad Desnou"]
[Date "2015.03.14"]
[Round "9"]
[White "Pychova, Nela"]
[Black "Brunova, Blanka"]
[Result "1-0"]
[WhiteElo "1954"]
[BlackElo "1682"]
[PlyCount "71"]
[EventDate "2015.03.07"]
[EventType "swiss"]
[EventRounds "9"]
[EventCountry "CZE"]
[SourceTitle "EXT 2017"]
[Source "ChessBase"]
[SourceDate "2016.10.25"]
[SourceVersion "1"]
[SourceVersionDate "2016.10.25"]
[SourceQuality "1"]

1. c4 g6 2. Nf3 Bg7 3. Nc3 e5 4. d4 exd4 5. Nxd4 d6 6. g3 Nf6 7. Bg2 0-0 8. 0-0 Nbd7 9. Nb3 Ne5 10. c5 Nh5 11. cxd6 cxd6 12. Nd4 Qb6 13. Nd5 Qd8 14. Rb1 Bg4 15. Ne3 Qb6 16. Nxg4 Nxg4 17. Nb3 f5 18. Qd5+ Kh8 19. Qxb7 Rac8 20. Qxb6 axb6 21. h3 Ne5 22. Nd4 Rfe8 23. b3 Nf7 24. Bb2 f4 25. g4 Nf6 26. Rbc1 Nd7 27. Bb7 Rxc1 28. Rxc1 Nc5 29. Bc6 Re7 30. Rc2 Ne5 31. Bd5 h6 32. b4 Ncd7 33. Rc8+ Kh7 34. Kg2 Nf6 35. Bb3 Ne4 36. Bg8+ 1-0

[Event "CZE-ch U16 Girls"]
[Site "Kouty nad Desnou"]
[Date "2015.03.10"]
[Round "5"]
[White "Brunova, Blanka"]
[Black "Beluska, Tereza"]
[Result "0-1"]
[WhiteElo "1682"]
[BlackElo "1718"]
[PlyCount "74"]
[EventDate "2015.03.07"]
[EventType "swiss"]
[EventRounds "9"]
[EventCountry "CZE"]
[SourceTitle "EXT 2017"]
[Source "ChessBase"]
[SourceDate "2016.10.25"]
[SourceVersion "1"]
[SourceVersionDate "2016.10.25"]
[SourceQuality "1"]

1. e4 e6 2. d4 d5 3. Nc3 Nf6 4. e5 Nfd7 5. f4 c5 6. Be3 cxd4 7. Bxd4 Nc6 8. Be3 Bb4 9. Nf3 f6 10. Bd3 Nc5 11. 0-0 Nxd3 12. Qxd3 0-0 13. a3 Ba5 14. Nb5 fxe5 15. fxe5 Rxf3 16. gxf3 Nxe5 17. Qe2 Nc4 18. Kh1 Bd7 19. Nc3 Bxc3 20. bxc3 Bb5 21. Rg1 g6 22. Bd4 Qe7 23. f4 Qf7 24. Raf1 Qf5 25. Rg5 Nxa3 26. Qf3 Qxc2 27. Rfg1 Bd3 28. Qh3 Be4+ 29. R5g2 Bxg2+ 30. Rxg2 Qb1+ 31. Bg1 Qe4 32. Qh4 Nc2 33. Bf2 Ne3 34. Bxe3 Qxe3 35. Qf6 Qe1+ 36. Rg1 Qe4+ 37. Rg2 Rf8 0-1